Pride and prejudice (Record no. 8827)
[ view plain ]
| 000 -LEADER | |
|---|---|
| fixed length control field | 00815nam a22002177a 4500 |
| 003 - CONTROL NUMBER IDENTIFIER | |
| control field | OSt |
| 005 - DATE AND TIME OF LATEST TRANSACTION | |
| control field | 20260310030027.0 |
| 008 - FIXED-LENGTH DATA ELEMENTS--GENERAL INFORMATION | |
| fixed length control field | 260310b |||||||| |||| 00| 0 eng d |
| 020 ## - INTERNATIONAL STANDARD BOOK NUMBER | |
| International Standard Book Number | 978-1845-5766-60 |
| 040 ## - CATALOGING SOURCE | |
| Original cataloging agency | DWCL GS lib |
| Transcribing agency | OC |
| 082 ## - DEWEY DECIMAL CLASSIFICATION NUMBER | |
| Edition number | J33p 2007 |
| 100 ## - MAIN ENTRY--PERSONAL NAME | |
| Personal name | JANE AUSTEN |
| 245 ## - TITLE STATEMENT | |
| Title | Pride and prejudice |
| Statement of responsibility, etc. | JANE AUSTEN |
| 300 ## - PHYSICAL DESCRIPTION | |
| Extent | vii, 264 pages: |
| Other physical details | illustrations |
| Dimensions | 22 cm. |
| 504 ## - BIBLIOGRAPHY, ETC. NOTE | |
| Bibliography, etc. note | Jane Austen. Pride and Prejudice. T. Egerton, 1813 |
| 520 ## - SUMMARY, ETC. | |
| Summary, etc. | Pride and Prejudice is a classic novel by Jane Austen that tells the story of love, misunderstandings, and social class in early 19th-century England. |
| 546 ## - LANGUAGE NOTE | |
| Language note | English |
| 650 ## - SUBJECT ADDED ENTRY--TOPICAL TERM | |
| Source of heading or term | Integrity and Honesty, Respect and Courtesy |
| 650 ## - SUBJECT ADDED ENTRY--TOPICAL TERM | |
| Source of heading or term | Value of Integrity and Honesty, Overcoming Pride and Prejudice |
| 942 ## - ADDED ENTRY ELEMENTS (KOHA) | |
| Source of classification or shelving scheme | Dewey Decimal Classification |
| Koha item type | Fiction |
| Classification part | Fic. |
| Suppress in OPAC | No |
No items available.